Medical-surgical nursing: assessment and management of clinical problems. / (Record no. 9207)
[ view plain ]
| 000 -LEADER | |
|---|---|
| fixed length control field | 01381pam a2200277 a 4500 |
| 001 - CONTROL NUMBER | |
| control field | 16166093 |
| 003 - CONTROL NUMBER IDENTIFIER | |
| control field | OSt |
| 005 - DATE AND TIME OF LATEST TRANSACTION | |
| control field | 20220907122309.0 |
| 008 - FIXED-LENGTH DATA ELEMENTS--GENERAL INFORMATION | |
| fixed length control field | 100331s2007 moua b 001 0 eng |
| 020 ## - INTERNATIONAL STANDARD BOOK NUMBER | |
| International Standard Book Number | 0323016111 |
| 040 ## - CATALOGING SOURCE | |
| Original cataloging agency | DLC |
| Transcribing agency | LC |
| 050 00 - LIBRARY OF CONGRESS CALL NUMBER | |
| Classification number | RT41.M48 |
| 082 00 - DEWEY DECIMAL CLASSIFICATION NUMBER | |
| Classification number | 617/.0231 |
| Edition number | 22 |
| 245 00 - TITLE STATEMENT | |
| Title | Medical-surgical nursing: assessment and management of clinical problems. / |
| Statement of responsibility, etc. | Sharon Mantik Lewis...[et. al.] |
| 250 ## - EDITION STATEMENT | |
| Edition statement | 6th ed. |
| 260 ## - PUBLICATION, DISTRIBUTION, ETC. | |
| Place of publication, distribution, etc. | St. Louis, Mo.: |
| Name of publisher, distributor, etc. | Mosby, |
| Date of publication, distribution, etc. | 2004. |
| 300 ## - PHYSICAL DESCRIPTION | |
| Extent | xxxi, 1887, IC-4, I-87, SF-5 p. : |
| Other physical details | chiefly col. ill. ; |
| Dimensions | 28 cm. |
| 504 ## - BIBLIOGRAPHY, ETC. NOTE | |
| Bibliography, etc. note | Includes bibliographic references and index. |
| 505 ## - FORMATTED CONTENTS NOTE | |
| Formatted contents note | Contents: Concepts in nursing practice -- Pathophysiologic mechanisms of disease -- Perioperative care -- Problems related to sensory input -- Problems of oxygenation: ventilation -- Problems of oxygenation: transport -- Problems of oxygenation: perfusion -- Problems of ingestion, digestion, absorption and elimination -- Problems of urinary function -- Problems related to regulatory mechanisms -- Problems related to movement and coordination -- Nursing care in specialized settings -- |
| 650 #0 - SUBJECT ADDED ENTRY--TOPICAL TERM | |
| Topical term or geographic name entry element | Nursing. |
| 9 (RLIN) | 102 |
| 650 #0 - SUBJECT ADDED ENTRY--TOPICAL TERM | |
| Topical term or geographic name entry element | Surgical nursing. |
| 9 (RLIN) | 97 |
| 700 ## - ADDED ENTRY--PERSONAL NAME | |
| Personal name | Lewis, Sharon Mantik |
| 9 (RLIN) | 363 |
| 906 ## - LOCAL DATA ELEMENT F, LDF (RLIN) | |
| a | 7 |
| b | cbc |
| c | origcop |
| d | 2 |
| e | ocip |
| f | 20 |
| g | y-gencatlg |
| 942 ## - ADDED ENTRY ELEMENTS (KOHA) | |
| Source of classification or shelving scheme | Library of Congress Classification |
| Koha item type | Books |
| Withdrawn status | Lost status | Source of classification or shelving scheme | Damaged status | Not for loan | Home library | Current library | Shelving location | Date acquired | Total Checkouts | Full call number | Barcode | Date last seen | Copy number | Price effective from | Koha item type |
|---|---|---|---|---|---|---|---|---|---|---|---|---|---|---|---|
| Library of Congress Classification | WISCONSIN INTERNATIONAL UNIVERSITY COLLEGE, GHANA KUMASI LIBRARY | WISCONSIN INTERNATIONAL UNIVERSITY COLLEGE, GHANA KUMASI LIBRARY | nursing | 26/11/2019 | RT41.M48(6e) | KSN/721/721/19 | 07/09/2022 | Vol. 2 | 07/09/2022 | Books |
